01302naa a22003377a 4500001001000000003000900010005001700019007000300036008003400039040005400073041000900127072002000136090001800156100001900174100001900193100002200212245014600234260004200380500010700422650003400529650001000563650001400573650002800587650001000615650001700625773010400642909003600746942001400782999001900796952014900815BR7805054BR-BrBNA20240918174156.0ta230509b bl.||||| |||| 00| 0 por d aBR-BrBNAbporcBiblioteca Nacional de Agricultura a(Pt) aF30b2290bG514 aF30 BR78050541 aPadua, J.G. de1 aFontes, P.C.R.1 aCarvalho, V.D. de1 aCompeticao de tres cultivares de menta (Mentha spp)na regiao Norte do estado de Minas Gerais (1)Manga [Melhoramento genetico vegetal; Brasil]3 aBelo Horizonte, MG (Brasil): c1978.  aProjeto olericultura. Relatorio 76/77 Belo Horizonte, MG (Brasil): 1978. p. 216-217 (BR7805054-AM)F30  aMelhoramento genetico vegetal aMenta aVariedade aCompeticao de variedade aManga aMinas Gerais0 tProjeto olericultura. Relatorio 76/77wF30 BR7805054gBelo Horizonte, MG (Brasil), 1978. p. 216-217 a202404bLuciac55dLucia Elande cAM2AGRIS c309389d309389 002AGRIS40708Acervo Gerala41918b41918cAgrobasel0o1800 BR8103158r2024-05-20t01yAM10d2024-04-11ePortaria Interministerial nÂș 164/94